Statistiques concernant Histoire de l'Economie : les Crises

Cliquez ici pour prendre le quiz!

Statistiques générales

  • Ce quiz a été pris 204 fois
    (203 depuis la dernière actualisation)
  • Le résultat moyen est 6 sur 11

Statistiques - réponses

HintRéponse% Correct
Crise Covid2020
95%
Crise des Subprimes2008
94%
Krach du "Jeudi noir"1929
89%
Premier Choc Pétrolier1973
78%
E-Krach2000
48%
Crise des Dettes Souveraines2010
46%
Crise asiatique1997
37%
Krach du "Lundi noir"1987
34%
Crise de la dette Mexicaine1982
32%
Crise Heisei1991
30%
Krach de Vienne1873
17%

Distribution des résultats

Percentile par nombre de réponses

% des personnes avec chaque résultat

Votre développement - résultats

Vous n’avez pas pris ce quiz depuis la dernière actualisation